000
00449nam a2200145Ia 4500
008
090122s9999 xx 000 0 und d
082
_b
10627
100
_a
परचुरे
_b
श्री
_c
दि
245
_a
नाटककार सावरकर
600
_a
परचुरे
630
_a
नाटककार सावरकर
700
_a
परचुरे
730
_a
नाटककार सावरकर
942
_c
BOOK
999
_c
34704
_d
34704